[Event "NRW Class1 1819"]
[Site "Germany"]
[Date "2019.05.12"]
[Round "9.6"]
[White "Stork, Holger"]
[Black "Haas, Kai Markus"]
[Result "1/2-1/2"]
[WhiteElo "2116"]
[BlackElo "1984"]
[PlyCount "49"]
[EventDate "2018.09.16"]
[EventType "team-tourn"]
[EventRounds "9"]
[EventCountry "GER"]
[SourceTitle "EXT 2023"]
[Source "ChessBase"]
[SourceDate "2022.10.05"]
[SourceVersion "1"]
[SourceVersionDate "2022.10.05"]
[SourceQuality "1"]
[WhiteTeam "Lieme"]
[BlackTeam "Nienberge"]
[WhiteTeamCountry "GER"]
[BlackTeamCountry "GER"]

1. e4 d5 2. exd5 Nf6 3. Bb5+ Nbd7 4. d4 a6 5. Bd3 b5 6. Nf3 Nb6 7. 0-0 Nbxd5 8. a4 b4 9. Nbd2 e6 10. Nb3 c6 11. Ne5 Qc7 12. Qe2 Bd6 13. Bd2 0-0 14. Rae1 c5 15. dxc5 Bxc5 16. Nxc5 Qxc5 17. b3 a5 18. Kh1 Bb7 19. f4 Nc3 20. Bxc3 Qxc3 21. Nc4 Qd4 22. Qe5 Qd5 23. Qe2 Qd4 24. Qe5 Qd5 25. Qe2 1/2-1/2

[Event "NRW Class1 1819"]
[Site "Germany"]
[Date "2018.12.09"]
[Round "4.7"]
[White "Kuhn, Andreas"]
[Black "Stork, Holger"]
[Result "1/2-1/2"]
[WhiteElo "1956"]
[BlackElo "2064"]
[PlyCount "37"]
[EventDate "2018.09.16"]
[EventType "team-tourn"]
[EventRounds "9"]
[EventCountry "GER"]
[SourceTitle "EXT 2022"]
[Source "ChessBase"]
[SourceDate "2021.10.06"]
[SourceVersion "1"]
[SourceVersionDate "2021.10.06"]
[SourceQuality "1"]
[WhiteTeam "Niederkassel"]
[BlackTeam "Lieme"]
[WhiteTeamCountry "GER"]
[BlackTeamCountry "GER"]

1. d4 Nf6 2. c4 e6 3. g3 d5 4. Nf3 Bb4+ 5. Bd2 Bd6 6. Bg2 0-0 7. 0-0 Ne4 8. Bf4 c6 9. Qc2 Bxf4 10. gxf4 b6 11. Nc3 Nxc3 12. Qxc3 Ba6 13. b3 Nd7 14. Rfc1 Rc8 15. e3 dxc4 16. bxc4 Qc7 17. Qa3 Bb7 18. c5 b5 19. Nd2 1/2-1/2

[Event "NRW Class1 1718"]
[Site "Germany"]
[Date "2018.04.08"]
[Round "8.7"]
[White "Stork, Holger"]
[Black "Fischer, Oliver"]
[Result "1/2-1/2"]
[WhiteElo "2095"]
[BlackElo "1935"]
[PlyCount "49"]
[EventDate "2017.09.17"]
[EventType "team-tourn"]
[EventRounds "9"]
[EventCountry "GER"]
[SourceTitle "EXT 2019"]
[Source "ChessBase"]
[SourceDate "2018.10.10"]
[SourceVersion "1"]
[SourceVersionDate "2018.10.10"]
[SourceQuality "1"]
[WhiteTeam "Lieme"]
[BlackTeam "Bruehl"]
[WhiteTeamCountry "GER"]
[BlackTeamCountry "GER"]

1. e4 e5 2. Bc4 Nf6 3. d3 c6 4. Nf3 d5 5. Bb3 Bd6 6. Nc3 d4 7. Ne2 c5 8. 0-0 0-0 9. Ng3 Nc6 10. Bg5 Be6 11. Nh4 Bxb3 12. axb3 h6 13. Bd2 Ne7 14. Nhf5 Ng6 15. Nh5 Nxh5 16. Qxh5 Qf6 17. Qg4 Rfe8 18. g3 Kh8 19. Kg2 a6 20. h4 Ne7 21. Nxe7 Qxe7 22. f4 exf4 23. Bxf4 Bxf4 24. Rxf4 f6 25. Qf5 1/2-1/2

[Event "NRW Class1 1718"]
[Site "Germany"]
[Date "2018.01.28"]
[Round "5.7"]
[White "Lamek, Dirk"]
[Black "Stork, Holger"]
[Result "1/2-1/2"]
[WhiteElo "1852"]
[BlackElo "2095"]
[PlyCount "35"]
[EventDate "2017.09.17"]
[EventType "team-tourn"]
[EventRounds "9"]
[EventCountry "GER"]
[SourceTitle "EXT 2019"]
[Source "ChessBase"]
[SourceDate "2018.10.10"]
[SourceVersion "1"]
[SourceVersionDate "2018.10.10"]
[SourceQuality "1"]
[WhiteTeam "Iserlohn Koenigsspringer"]
[BlackTeam "Lieme"]
[WhiteTeamCountry "GER"]
[BlackTeamCountry "GER"]

1. e4 c5 2. Nc3 Nc6 3. g3 g6 4. Bg2 Bg7 5. Nge2 d6 6. h3 e5 7. Nd5 Nge7 8. Nec3 Nxd5 9. Nxd5 Ne7 10. Nxe7 Qxe7 11. d3 Be6 12. Be3 0-0 13. Qd2 Rad8 14. Bh6 d5 15. Bxg7 Kxg7 16. exd5 Bxd5 17. Bxd5 Rxd5 18. 0-0-0 1/2-1/2

[Event "NRW Class1 1617"]
[Site "Germany"]
[Date "2017.03.05"]
[Round "7.5"]
[White "Wolter, Detlef"]
[Black "Stork, Holger"]
[Result "1/2-1/2"]
[WhiteElo "2288"]
[BlackElo "2135"]
[PlyCount "40"]
[EventDate "2016.09.25"]
[EventType "team-tourn"]
[EventRounds "9"]
[EventCountry "GER"]
[SourceTitle "EXT 2023"]
[Source "ChessBase"]
[SourceDate "2022.10.05"]
[SourceVersion "1"]
[SourceVersionDate "2022.10.05"]
[SourceQuality "1"]
[WhiteTeam "Bochum SV"]
[BlackTeam "Lieme"]
[WhiteTeamCountry "GER"]
[BlackTeamCountry "GER"]

1. d4 Nf6 2. c4 e6 3. Nc3 Bb4 4. e3 0-0 5. Bd3 d5 6. a3 Bxc3+ 7. bxc3 dxc4 8. Bxc4 c5 9. Nf3 Qc7 10. Ba2 b6 11. 0-0 Bb7 12. Ne5 Nbd7 13. Nxd7 Qxd7 14. Qe2 Rac8 15. Bb2 cxd4 16. cxd4 Bd5 17. Bxd5 Qxd5 18. Rfc1 Qb7 19. f3 Rxc1+ 20. Rxc1 Rc8 1/2-1/2

[Event "NRW Class2 1516"]
[Site "Germany"]
[Date "2016.01.10"]
[Round "5.5"]
[White "Stanetzek, Carsten"]
[Black "Stork, Holger"]
[Result "0-1"]
[WhiteElo "2164"]
[BlackElo "2041"]
[PlyCount "102"]
[EventDate "2015.09.27"]
[EventType "team-tourn"]
[EventRounds "9"]
[EventCountry "GER"]
[SourceTitle "EXT 2017"]
[Source "ChessBase"]
[SourceDate "2016.10.25"]
[SourceVersion "1"]
[SourceVersionDate "2016.10.25"]
[SourceQuality "1"]
[WhiteTeam "Niederkassel"]
[BlackTeam "Lieme"]
[WhiteTeamCountry "GER"]
[BlackTeamCountry "GER"]

1. e4 d5 2. exd5 Qxd5 3. Nc3 Qd6 4. d4 Nf6 5. Be2 c6 6. Bf3 Bf5 7. Nge2 e6 8. 0-0 Be7 9. Bf4 Qd8 10. Ng3 Bg6 11. Nce4 Nxe4 12. Nxe4 Bxe4 13. Bxe4 Bd6 14. Qg4 Bxf4 15. Qxf4 0-0 16. Rfd1 Nd7 17. c4 Nf6 18. Bc2 Qb8 19. Qh4 Rd8 20. Rd3 Rd7 21. Rad1 Qd8 22. h3 g6 23. Qf4 Qe7 24. a3 b5 25. Rf3 Ne8 26. Rc3 Rad8 27. Qf3 Rc7 28. b4 Kg7 29. Bb3 Qf6 30. Qg3 Rcd7 31. Rf3 Qe7 32. Rfd3 Nd6 33. Qe5+ f6 34. Qc5 Rc7 35. Re1 Nxc4 36. Bxc4 bxc4 37. Qxc4 Rd5 38. Rde3 e5 39. dxe5 Rxe5 40. Rxe5 fxe5 41. f4 Qh4 42. Rxe5 Rd7 43. Rc5 Rd1+ 44. Kh2 Qf2 45. Qe4 Re1 46. Qc2 Qg1+ 47. Kg3 Re3+ 48. Kg4 h5+ 49. Kg5 Rg3+ 50. Kh4 Rxg2 51. Qc3+ Kh7 0-1

[Event "NRW Class2 1516"]
[Site "Germany"]
[Date "2015.12.20"]
[Round "4.4"]
[White "Kitte, Sebastian"]
[Black "Stork, Holger"]
[Result "1/2-1/2"]
[WhiteElo "2190"]
[BlackElo "2041"]
[PlyCount "50"]
[EventDate "2015.09.27"]
[EventType "team-tourn"]
[EventRounds "9"]
[EventCountry "GER"]
[SourceTitle "EXT 2017"]
[Source "ChessBase"]
[SourceDate "2016.10.25"]
[SourceVersion "1"]
[SourceVersionDate "2016.10.25"]
[SourceQuality "1"]
[WhiteTeam "Bochum II"]
[BlackTeam "Lieme"]
[WhiteTeamCountry "GER"]
[BlackTeamCountry "GER"]

1. d4 Nf6 2. c4 e6 3. Nc3 Bb4 4. e3 0-0 5. Bd3 d5 6. cxd5 exd5 7. Nge2 Bd6 8. f3 c5 9. 0-0 Nc6 10. Kh1 cxd4 11. exd4 Re8 12. Bg5 Be6 13. Bc2 Be7 14. Qd2 Nh5 15. Bxe7 Qxe7 16. Ba4 Rac8 17. Rfe1 Qf6 18. Rac1 Red8 19. Bxc6 Rxc6 20. Na4 Rdc8 21. Rxc6 Rxc6 22. Nac3 g5 23. Qe3 Ng7 24. f4 g4 25. Qe5 Qxe5 1/2-1/2

[Event "Oberliga NRW 1415"]
[Site "Germany"]
[Date "2014.09.14"]
[Round "1.7"]
[White "Stork, Holger"]
[Black "Von Buenau, Heinrich"]
[Result "0-1"]
[WhiteElo "2051"]
[BlackElo "2149"]
[PlyCount "124"]
[EventDate "2014.09.14"]
[EventType "team-tourn"]
[EventRounds "9"]
[EventCountry "GER"]
[SourceTitle "EXT 2017"]
[Source "ChessBase"]
[SourceDate "2016.10.25"]
[SourceVersion "1"]
[SourceVersionDate "2016.10.25"]
[SourceQuality "1"]
[WhiteTeam "Lieme"]
[BlackTeam "Duesseldorf"]
[WhiteTeamCountry "GER"]
[BlackTeamCountry "GER"]

1. e4 e6 2. d3 c5 3. g3 Nc6 4. Bg2 g6 5. Nc3 Bg7 6. Be3 d6 7. Qd2 Rb8 8. Nge2 Nd4 9. 0-0 Ne7 10. Nd1 0-0 11. Nc1 e5 12. c3 Ne6 13. Ne2 d5 14. exd5 Nxd5 15. Bh6 b6 16. Bxg7 Nxg7 17. Ne3 Be6 18. Rad1 Rb7 19. f4 Nxe3 20. Qxe3 Nf5 21. Qf2 Rd7 22. fxe5 Rxd3 23. Rxd3 Qxd3 24. g4 Ne7 25. Nf4 Qd7 26. Nxe6 Qxe6 27. Qf6 Rd8 28. Qxe6 fxe6 29. Rf6 Rd1+ 30. Bf1 Nd5 31. Rxe6 Ne3 32. Rf6 Nxg4 33. Rd6 Rb1 34. e6 Kf8 35. Rd3 Nxh2 36. Kxh2 Rxf1 37. Kg3 h5 38. Rd7 Re1 39. Rxa7 Rxe6 40. b4 cxb4 41. cxb4 Re4 42. b5 g5 43. a4 Re3+ 44. Kg2 Re7 45. Ra6 Rb7 46. Kf3 Ke7 47. Ra8 Kf6 48. Rh8 Rf7 49. Kg3 Kg6 50. Rg8+ Kf5 51. Rh8 h4+ 52. Kg2 Rf6 53. Rc8 Rd6 54. Rc4 Rd2+ 55. Kh3 Rd3+ 56. Kh2 g4 57. a5 Rd2+ 58. Kg1 h3 59. axb6 h2+ 60. Kh1 g3 61. Rh4 Rd1+ 62. Kg2 Rg1+ 0-1

[Event "Werther Schloss op-B 14th"]
[Site "Werther"]
[Date "2008.03.16"]
[Round "5"]
[White "Stork, Holger"]
[Black "Iseringhausen, Martin"]
[Result "0-1"]
[WhiteElo "2083"]
[BlackElo "1890"]
[PlyCount "48"]
[EventDate "2008.03.14"]
[EventType "swiss"]
[EventRounds "5"]
[EventCountry "GER"]
[SourceTitle "EXT 2010"]
[Source "ChessBase"]
[SourceDate "2010.11.25"]
[SourceVersion "1"]
[SourceVersionDate "2010.11.25"]
[SourceQuality "1"]

1. e4 e6 2. d3 d5 3. Nd2 Ne7 4. Ngf3 g6 5. g3 Bg7 6. Bg2 c5 7. 0-0 Nbc6 8. c3 b5 9. exd5 exd5 10. Nb3 c4 11. dxc4 bxc4 12. Nbd4 0-0 13. Bg5 f6 14. Be3 Rb8 15. b3 Ne5 16. Nxe5 fxe5 17. Nc6 Nxc6 18. Bxd5+ Kh8 19. Bxc6 Qc7 20. Be4 cxb3 21. axb3 Qxc3 22. Rxa7 Bh3 23. Qd6 Qxe3 24. Rxg7 Qxe4 0-1

[Event "Werther Schloss op-B 14th"]
[Site "Werther"]
[Date "2008.03.15"]
[Round "3"]
[White "Stork, Holger"]
[Black "Marxen, Tobias"]
[Result "0-1"]
[WhiteElo "2083"]
[BlackElo "2032"]
[PlyCount "58"]
[EventDate "2008.03.14"]
[EventType "swiss"]
[EventRounds "5"]
[EventCountry "GER"]
[SourceTitle "EXT 2010"]
[Source "ChessBase"]
[SourceDate "2010.11.25"]
[SourceVersion "1"]
[SourceVersionDate "2010.11.25"]
[SourceQuality "1"]

1. e4 e5 2. Bc4 Nf6 3. d3 Bc5 4. Nc3 d6 5. f4 Ng4 6. f5 Nf2 7. Qh5 g6 8. Qh6 Kd7 9. Bxf7 c6 10. Qg7 Kc7 11. Nf3 Nxh1 12. Bg8+ Bd7 13. Qxh8 Na6 14. f6 Nb4 15. Kf1 Nxc2 16. Rb1 Qxg8 17. Qxg8 Rxg8 18. Bh6 Be6 19. Ng5 Kd7 20. f7 Bxf7 21. Nxf7 Nf2 22. Ke2 Ke7 23. Rf1 Kxf7 24. Nd1 g5 25. Nxf2 Ne3 26. Rc1 Rg6 27. Rxc5 dxc5 28. Kxe3 Rxh6 29. Ng4 Re6 0-1

[Event "Werther Schloss op-B 13rd"]
[Site "Werther"]
[Date "2007.04.01"]
[Round "5"]
[White "Punsaem, Gap"]
[Black "Stork, Holger"]
[Result "0-1"]
[WhiteElo "2014"]
[BlackElo "2083"]
[PlyCount "50"]
[EventDate "2007.03.30"]
[EventType "swiss"]
[EventRounds "5"]
[EventCountry "GER"]
[SourceTitle "EXT 2008"]
[Source "ChessBase"]
[SourceDate "2007.11.25"]
[SourceVersion "1"]
[SourceVersionDate "2007.11.25"]
[SourceQuality "1"]

1. e4 d5 2. Nc3 dxe4 3. Nxe4 Qd5 4. d3 Nf6 5. Qf3 Nxe4 6. dxe4 Qa5+ 7. Bd2 Qb6 8. Bc3 e6 9. 0-0-0 Nc6 10. Bc4 Qc5 11. Qd3 Be7 12. f4 Nb4 13. Qe2 0-0 14. Nf3 b5 15. Bxb5 Nxa2+ 16. Kd2 Nxc3 17. bxc3 Bb7 18. Rb1 Rfd8+ 19. Bd3 Ba6 20. Nd4 Bxd3 21. cxd3 Rab8 22. Qd1 e5 23. Nf5 Bf6 24. fxe5 Qxe5 25. Qc2 Qxe4 0-1

[Event "Werther Schloss op-B 13rd"]
[Site "Werther"]
[Date "2007.03.30"]
[Round "1"]
[White "Bettman, Jan"]
[Black "Stork, Holger"]
[Result "1/2-1/2"]
[WhiteElo "1922"]
[BlackElo "2083"]
[PlyCount "70"]
[EventDate "2007.03.30"]
[EventType "swiss"]
[EventRounds "5"]
[EventCountry "GER"]
[SourceTitle "EXT 2008"]
[Source "ChessBase"]
[SourceDate "2007.11.25"]
[SourceVersion "1"]
[SourceVersionDate "2007.11.25"]
[SourceQuality "1"]

1. Nc3 d5 2. e4 dxe4 3. Nxe4 Qd5 4. d3 Nc6 5. Be2 e5 6. Bf3 Qe6 7. Ne2 h6 8. 0-0 f5 9. N4c3 Nce7 10. Re1 Qd6 11. Nb5 Qd7 12. c4 Nf6 13. Ng3 c6 14. Nc3 Qd6 15. Qe2 Nd7 16. d4 Qxd4 17. Bh5+ g6 18. Nxf5 Nxf5 19. Bxg6+ Kd8 20. Bxf5 Bg7 21. Ne4 b5 22. Bd2 Qxc4 23. Ba5+ Nb6 24. Qg4 Rg8 25. Qh4+ Kc7 26. Qe7+ Kb8 27. Nc5 Qd5 28. Bxc8 Qxg2+ 29. Kxg2 Bf8+ 30. Kf3 Bxe7 31. Bb7 Bxc5 32. Bxa8 Kxa8 33. Rxe5 Rf8+ 34. Ke4 Nd5 35. Re1 Rxf2 1/2-1/2

[Event "Lippe Cup 03rd"]
[Site "Lieme"]
[Date "2006.10.08"]
[Round "4"]
[White "Stork, Holger"]
[Black "Gazic, Josip"]
[Result "0-1"]
[WhiteElo "2086"]
[BlackElo "2269"]
[PlyCount "86"]
[EventDate "2006.10.06"]
[EventType "swiss"]
[EventRounds "5"]
[EventCountry "GER"]
[SourceTitle "EXT 2012"]
[Source "ChessBase"]
[SourceDate "2011.11.24"]
[SourceVersion "1"]
[SourceVersionDate "2011.11.24"]
[SourceQuality "1"]

1. e4 g6 2. d4 Bg7 3. Nc3 c5 4. Be3 Qb6 5. Nge2 Nc6 6. Na4 Qa5+ 7. c3 c4 8. b4 cxb3 9. axb3 Qc7 10. Nc1 Nf6 11. f3 d5 12. e5 Nd7 13. Bd3 a6 14. Ne2 b5 15. Nb2 Qb6 16. Qd2 0-0 17. 0-0 e6 18. Kh1 Bb7 19. f4 Rfb8 20. Rf3 Ne7 21. g4 Qc6 22. Ng3 f6 23. Raf1 Rf8 24. Kg1 a5 25. Qe2 Ba6 26. c4 bxc4 27. bxc4 a4 28. Ra1 dxc4 29. Bxc4 Bxc4 30. Nxc4 fxe5 31. dxe5 Nxe5 32. Nxe5 Bxe5 33. Rc1 Qb7 34. Rff1 Bb2 35. Rb1 Rfb8 36. Bc5 Qd5 37. Bf2 a3 38. Ne4 Rf8 39. Rfd1 Qc6 40. Nd6 e5 41. Rxb2 axb2 42. Qxe5 Qd7 43. f5 Ra1 0-1

[Event "Werther Schloss op-A 12th"]
[Site "Werther"]
[Date "2006.04.06"]
[Round "1"]
[White "Stork, Holger"]
[Black "Racherbaeumer, Marcel"]
[Result "0-1"]
[WhiteElo "2104"]
[BlackElo "2239"]
[PlyCount "86"]
[EventDate "2006.04.06"]
[EventType "swiss"]
[EventRounds "7"]
[EventCountry "GER"]
[SourceTitle "CBM 111 Extra"]
[Source "ChessBase"]
[SourceDate "2006.05.09"]
[SourceVersion "1"]
[SourceVersionDate "2006.05.09"]
[SourceQuality "1"]

1. e4 Nf6 2. d3 e5 3. Nf3 Nc6 4. g3 d5 5. Nbd2 dxe4 6. dxe4 Bc5 7. Bg2 0-0 8. 0-0 a5 9. c3 a4 10. Qc2 h6 11. Nc4 Qe7 12. Ne3 Rd8 13. Nh4 Be6 14. Nef5 Qd7 15. Be3 Bxe3 16. Nxe3 Qd3 17. Qc1 Qd2 18. Nf3 Qxc1 19. Rfxc1 Ra6 20. Rc2 Nxe4 21. Nxe5 Nxe5 22. Bxe4 Rb6 23. Bf5 Bxf5 24. Nxf5 Nc4 25. Re1 Nxb2 26. Re7 c6 27. Rce2 Nd1 28. R2e4 Rb1 29. Kg2 Rd2 30. Re8+ Kh7 31. Rf4 Rbb2 32. g4 Rxf2+ 33. Rxf2 Nxf2 34. Kg3 Nd3 35. Re7 Kg6 36. h4 Kf6 37. Rd7 Nc5 38. Rd6+ Ke5 39. Rd8 Rxa2 40. Re8+ Kf6 41. Nd6 Rd2 42. Nc4 Rd3+ 43. Kf4 g5+ 0-1

[Event "Werther Schloss op-A 11th"]
[Site "Werther"]
[Date "2005.03.20"]
[Round "4"]
[White "Stork, Holger"]
[Black "Braun, Vitali"]
[Result "0-1"]
[WhiteElo "2082"]
[BlackElo "2232"]
[PlyCount "109"]
[EventDate "2005.03.18"]
[EventType "swiss"]
[EventRounds "5"]
[EventCountry "GER"]
[SourceTitle "CBM 105 Extra"]
[Source "ChessBase"]
[SourceDate "2005.05.01"]
[SourceVersion "1"]
[SourceVersionDate "2005.05.01"]
[SourceQuality "1"]

1. e4 e6 2. d3 d5 3. Nd2 Nf6 4. g3 c5 5. Bg2 Nc6 6. Ngf3 Be7 7. 0-0 Qc7 8. Re1 b6 9. e5 Nd7 10. Qe2 g5 11. c4 d4 12. b4 g4 13. b5 gxf3 14. Bxf3 Ndxe5 15. Bg2 Bb7 16. bxc6 Nxc6 17. Qh5 0-0-0 18. Qxf7 e5 19. Nf3 Bd6 20. Ng5 Rde8 21. Qh5 Nb4 22. Bh3+ Kb8 23. Qd1 h5 24. a3 Nc6 25. Bg2 h4 26. Ne4 Be7 27. a4 hxg3 28. hxg3 Rh7 29. Bd2 a5 30. Rb1 Reh8 31. Qg4 Ka7 32. Rb5 Ba6 33. Rb3 Bc8 34. Qf3 Rf8 35. Qe2 Nb4 36. Bxb4 axb4 37. Rb2 Bb7 38. Ra1 Ra8 39. Qg4 Bc6 40. Qg6 Rah8 41. Rba2 Rh6 42. Qg4 Ka6 43. a5 b5 44. cxb5+ Bxb5 45. Rc1 Bxd3 46. Rb2 c4 47. Qf3 Qd7 48. Qf7 Kb5 49. Qg7 Qe6 50. Ng5 Qf6 51. Qxf6 Rxf6 52. Nf3 Bd6 53. Ne1 Bf5 54. a6 c3 55. Rb3 0-1

[Event "Werther Schloss op-A 11th"]
[Site "Werther"]
[Date "2005.03.19"]
[Round "3"]
[White "Henrich, Holger"]
[Black "Stork, Holger"]
[Result "0-1"]
[WhiteElo "2208"]
[BlackElo "2082"]
[PlyCount "80"]
[EventDate "2005.03.18"]
[EventType "swiss"]
[EventRounds "5"]
[EventCountry "GER"]
[SourceTitle "CBM 105 Extra"]
[Source "ChessBase"]
[SourceDate "2005.05.01"]
[SourceVersion "1"]
[SourceVersionDate "2005.05.01"]
[SourceQuality "1"]

1. e4 d5 2. exd5 Qxd5 3. Nc3 Qd6 4. d4 Nf6 5. Nf3 a6 6. g3 Bg4 7. Bg2 Nc6 8. 0-0 0-0-0 9. Bf4 Qb4 10. d5 e5 11. Bd2 Nd4 12. Ne2 Nxf3+ 13. Bxf3 Qa4 14. Nc3 Qd7 15. Bg5 Bxf3 16. Qxf3 Be7 17. Bxf6 gxf6 18. Rab1 h5 19. h4 f5 20. Qe3 f4 21. Qxe5 Bd6 22. Qf6 Qh3 23. Ne4 fxg3 24. fxg3 Bc5+ 25. Nf2 Qxg3+ 26. Kh1 Rhg8 27. Qf5+ Kb8 28. Rg1 Qxf2 29. Qxf2 Bxf2 30. Rxg8 Rxg8 31. Rf1 Bxh4 32. Rxf7 Bg3 33. c4 Bd6 34. a3 a5 35. Rh7 Rg5 36. Rh8+ Ka7 37. Rh7 Kb6 38. Rh6 Kc5 39. b3 a4 40. b4+ Kxc4 0-1

[Event "Werther Schloss op-A 10th"]
[Site "Werther"]
[Date "2004.04.03"]
[Round "2"]
[White "Stork, Holger"]
[Black "Gudath, Reiner"]
[Result "1/2-1/2"]
[WhiteElo "2088"]
[BlackElo "2048"]
[PlyCount "32"]
[EventDate "2004.04.02"]
[EventType "swiss"]
[EventRounds "5"]
[EventCountry "GER"]
[SourceTitle "CBM 099 Extra"]
[Source "ChessBase"]
[SourceDate "2004.05.04"]
[SourceVersion "1"]
[SourceVersionDate "2004.05.04"]
[SourceQuality "1"]

1. Nf3 Nf6 2. g3 c5 3. Bg2 g6 4. 0-0 Bg7 5. d3 Nc6 6. e4 d6 7. Nbd2 0-0 8. a4 Rb8 9. Nc4 Be6 10. Re1 Ng4 11. c3 Nge5 12. Ne3 Nxf3+ 13. Qxf3 Qd7 14. Qe2 Na5 15. Nd5 Nb3 16. Ra3 Nxc1 1/2-1/2

[Event "OWL-ch"]
[Site "Lieme"]
[Date "2003.04.26"]
[Round "5"]
[White "Stork, Holger"]
[Black "Dyballa, Gerhard"]
[Result "1/2-1/2"]
[WhiteElo "1957"]
[BlackElo "1987"]
[PlyCount "43"]
[EventDate "2003.04.27"]
[EventType "tourn"]
[EventRounds "7"]
[EventCountry "GER"]
[SourceTitle "EXT 2022"]
[Source "ChessBase"]
[SourceDate "2021.10.06"]
[SourceVersion "1"]
[SourceVersionDate "2021.10.06"]
[SourceQuality "1"]

1. Nf3 d5 2. g3 c6 3. Bg2 Bg4 4. d3 Nd7 5. Nbd2 Ngf6 6. 0-0 e5 7. e4 dxe4 8. dxe4 Qc7 9. a3 a5 10. Qe1 Bc5 11. h3 Bxf3 12. Nxf3 0-0 13. Nh4 g6 14. Kh1 Nh5 15. Bd2 Be7 16. Nf3 Bf6 17. Bc3 b6 18. Qe2 Nc5 19. b3 Rad8 20. Rad1 Ne6 21. Rxd8 Rxd8 22. Rd1 1/2-1/2

[Event "Werther Schloss op-A 9th"]
[Site "Werther"]
[Date "2003.04.13"]
[Round "4"]
[White "Grosselohmann, Gerhard Heinrich"]
[Black "Stork, Holger"]
[Result "1/2-1/2"]
[WhiteElo "2143"]
[BlackElo "1953"]
[PlyCount "49"]
[EventDate "2003.04.11"]
[EventType "swiss"]
[EventRounds "5"]
[EventCountry "GER"]
[SourceTitle "CBM 093 Extra"]
[Source "ChessBase"]
[SourceDate "2003.05.09"]
[SourceVersion "1"]
[SourceVersionDate "2003.05.09"]
[SourceQuality "1"]

1. d4 f5 2. c4 Nf6 3. g3 e6 4. Bg2 Be7 5. Nf3 0-0 6. 0-0 d6 7. Nc3 a5 8. b3 Qe8 9. Bb2 Qh5 10. e3 Na6 11. a3 Rb8 12. Nd2 Qxd1 13. Rfxd1 c6 14. Ne2 Bd7 15. Bc3 Bd8 16. b4 axb4 17. axb4 d5 18. c5 Ne4 19. Nxe4 fxe4 20. Bh3 Nc7 21. Ra2 Bg5 22. Rb1 Ra8 23. Rba1 Rab8 24. Nf4 Kf7 25. Be1 1/2-1/2